000 00913namaa22001931 4500
001 173870
003 ES-MaACL
005 20230906215356.0
008 100127s1859 sp r |||| | spa d
040 _aSpMaBN
_bspa
_cA2
100 0 _aCamprodón, Francisco.
_934301
245 1 0 _a¡Quien manda, manda!
_b: zarzuela en dos actos /
_carreglada a la escena española por D. Francisco Camprodón ; música de D. Emilio Arrieta.
260 _aMadrid :
_b[s.n.],
_c1859 (
_fJosé Rodríguez)
300 _a48 p. ;
_c17 cm.
500 _aSolo la letra.
500 _aEn port.: Estranada en el teatro de la Zarzuela el día 6 de mayo de 1859.
700 1 _aArrieta, Emilio.
_923300
852 _aES-MaACL
_jF-8623(6)
_z.- Enc. pasta española
_q.- Falto de la cub. original
_z.- Enc. en un vol. facticio formando parte de la col. facticia "Teatro español moderno", vol. 78
_z.- Firma ms. de Gustavo Saenz Diez, 1877
999 _c173870
_d173870